Tản Đà - từ quan niệm nghệ thuật đến sáng tạo hình thức thi ca /
Tallennettuna:
| Päätekijä: | |
|---|---|
| Aineistotyyppi: | Artikkeli |
| Kieli: | Vietnamese |
| Aiheet: | |
| Tagit: |
Lisää tagi
Ei tageja, Lisää ensimmäinen tagi!
|
| Thư viện lưu trữ: | Thư viện Trường Đại học Đà Lạt |
|---|
| LEADER | 00777nam a2200277 4500 | ||
|---|---|---|---|
| 001 | DLU050049155 | ||
| 040 | # | # | |a DLU |b vie |
| 041 | # | # | |a vie |
| 044 | # | # | |a vn |
| 100 | # | # | |a Mã Giang Lân |
| 245 | # | # | |a Tản Đà - từ quan niệm nghệ thuật đến sáng tạo hình thức thi ca / |c Mã Giang Lân |
| 653 | # | # | |a Nghệ thuật thi ca |
| 653 | # | # | |a Phong cách thơ |
| 653 | # | # | |a Tản đà |
| 773 | # | # | |t Nghiên cứu văn học |g Số 8, 2004, tr.67-76 |
| 920 | # | # | |a Phòng Tạp chí -- Trung tâm Thông tin - Thư viện Trường Đại học Đà Lạt |
| 933 | # | # | |a NV |
| 994 | # | # | |a DLU |
| 900 | # | # | |a True |
| 911 | # | # | |a Nguyễn Thị Yên |
| 925 | # | # | |a G |
| 926 | # | # | |a A |
| 927 | # | # | |a BB |
| 980 | # | # | |a Thư viện Trường Đại học Đà Lạt |